[Event "Santos Lugares"]
[Site "Santos Lugares"]
[Date "1977.??.??"]
[Round "9"]
[White "Balduzzi, Reynaldo"]
[Black "Sanguineti, Raul"]
[Result "1/2-1/2"]
[WhiteElo "2200"]
[BlackElo "2520"]

1.e4 c5 2.Nf3 Nc6 3.d4 cxd4 4.Nxd4 e6 5.Nc3 a6 6.Be2 d6 7.O-O Nf6 8.Be3 Be7
9.f4 O-O 10.Bf3 Qc7 11.Nb3 b5 12.Qe1 b4 13.Na4 Rb8 14.Qf2 a5 15.Rfc1 e5 16.f5 Bd8
17.c4 Qd7 18.Nb6 Bxb6 19.Bxb6 a4 20.Nd2 Bb7 21.Nf1 Rfe8 22.Re1 Rbc8 23.b3 Ra8
24.Rad1 Qe7 25.c5 dxc5 26.Bxc5 Qc7 27.Bb6 Qe7 28.Bc5 Qc7 29.Bb6 Qe7  1/2-1/2

[Event "Stary Smokovec"]
[Site "Stary Smokovec"]
[Date "1977.??.??"]
[Round "6"]
[White "Plachetka, Jan"]
[Black "Moehring, Guenther"]
[Result "1-0"]
[WhiteElo "2455"]
[BlackElo "2405"]

1.e4 c5 2.Nf3 Nc6 3.d4 cxd4 4.Nxd4 e6 5.Nc3 d6 6.f4 Nf6 7.Nf3 Be7 8.Bd3 d5
9.e5 Nd7 10.O-O Nc5 11.Kh1 Nxd3 12.cxd3 d4 13.Ne4 Qd5 14.Nfg5 h6 15.Qh5 Rf8
16.Nf3 Bd7 17.Nfd2 O-O-O 18.Nc4 f6 19.Bd2 Be8 20.Qh3 fxe5 21.Qg3 Bh5 22.fxe5 g5
23.Nf6 Bxf6 24.exf6 Bg6 25.Rac1 Kd7 26.b4 b5 27.Na5 Rc8 28.Nb7 Qe5 29.Nc5+ Kd6
30.Qf3 Qd5 31.Qh3 Ne5 32.Qg3 Kc6 33.Nxe6+ Kb6 34.Nxf8 Rxf8 35.Rc5  1-0

[Event "Tbilisi-Sukhumi"]
[Site "Tbilisi"]
[Date "1977.??.??"]
[Round "?"]
[White "Gipslis, Aivars"]
[Black "Plachetka, Jan"]
[Result "1-0"]
[WhiteElo "2535"]
[BlackElo "2455"]

1.e4 c5 2.Nf3 e6 3.d4 cxd4 4.Nxd4 Nc6 5.Nc3 d6 6.Be3 Nf6 7.f4 Be7 8.Qf3 e5
9.Nxc6 bxc6 10.f5 Rb8 11.Bc4 Qa5 12.Bb3 Nd7 13.Qh5 d5 14.Bd2 Rxb3 15.cxb3 Bb4
16.a3 Ba6 17.Rd1 Nc5 18.axb4 Nd3+ 19.Ke2 Qxb4 20.Kf3 Qxb3 21.Qg5 dxe4+ 22.Nxe4 Ne1+
23.Kf2 Nd3+ 24.Kf3 Ne1+ 25.Kg4 Qxd1+ 26.Kh3 Qb3+ 27.Bc3 Nd3 28.Qxg7 Rf8 29.Ra1 Qc2
30.Bxe5 Qe2 31.Nf6+ Ke7 32.Bd6+ Kxd6 33.Qxf8+ Kc7 34.Qxf7+ Kb6 35.Nd7+ Kb5
36.Qb3+ Nb4 37.Qa4+ Kc4 38.Rc1+ Kd5 39.Qd1+ Qxd1 40.Rxd1+  1-0

[Event "Tilburg"]
[Site "Tilburg"]
[Date "1977.??.??"]
[Round "3"]
[White "Balashov, Yuri S"]
[Black "Olafsson, Fridrik"]
[Result "1/2-1/2"]
[WhiteElo "2565"]
[BlackElo "2560"]

1.e4 c5 2.Nf3 Nc6 3.d4 cxd4 4.Nxd4 e6 5.Nc3 d6 6.Be2 Nf6 7.O-O Be7 8.Be3 O-O
9.f4 e5 10.Nb3 a5 11.a3 a4 12.Nc1 exf4 13.Rxf4 Be6 14.Nd5 Bxd5 15.exd5 Ne5
16.Na2 Nfd7 17.Rf1 Bg5 18.Bd4 Nc5 19.Nc3 b6 20.b4 axb3 21.cxb3 f5 22.b4 Ne4
23.Nxe4 fxe4 24.Rxf8+ Qxf8 25.Qc2 Qf4 26.Rf1 Qd2 27.Qxe4 Rxa3 28.Bg4 g6 29.Be6+ Kg7
30.Bxe5+ dxe5 31.Qxe5+ Kh6 32.Qh8 Qxb4  1/2-1/2

[Event "Vrbas"]
[Site "Vrbas"]
[Date "1977.??.??"]
[Round "7"]
[White "Barle, Janez"]
[Black "Rajkovic, Dusan"]
[Result "1-0"]
[WhiteElo "2450"]
[BlackElo "2495"]

1.e4 c5 2.Nf3 e6 3.d4 cxd4 4.Nxd4 Nc6 5.Nc3 Qc7 6.Be2 a6 7.O-O Nf6 8.Kh1 d6
9.f4 Bd7 10.Be3 b5 11.Bf3 Nxd4 12.Bxd4 e5 13.fxe5 dxe5 14.Nd5 Nxd5 15.exd5 O-O-O
16.Be3 Bc5 17.Qe1 Rhe8 18.Bxc5 Qxc5 19.Qa5 Kb7 20.Be4 f5 21.Bxf5 Bxf5 22.Rxf5 Rxd5
23.Rf7+ Re7 24.b4 Qd6 25.Rxe7+ Qxe7 26.c4 Rd6 27.cxb5 axb5 28.Qxb5+ Rb6 29.Qd5+ Kc7
30.a3 e4 31.Re1 Re6 32.Re3 Re5 33.Qd4 Kb7 34.h3 g5 35.a4 g4 36.hxg4 h5 37.gxh5 Rxh5+
38.Kg1 Re5 39.a5 Qe6 40.b5 Rxb5 41.Qxe4+ Qxe4 42.Rxe4 Rxa5 43.Rc4 Kb6 44.Kf2 Rg5
45.Kf3 Rf5+ 46.Ke3 Kb5 47.g4 Rg5 48.Re4 Kc6 49.Kf4 Rg8 50.g5 Rf8+ 51.Kg4 Kd7
52.g6  1-0

[Event "Hoogovens-B"]
[Site "Wijk aan Zee"]
[Date "1977.??.??"]
[Round "1"]
[White "Van der Sterren, Paul"]
[Black "Krnic, Zdenko"]
[Result "0-1"]
[WhiteElo "2375"]
[BlackElo "2435"]

1.e4 c5 2.Nf3 Nc6 3.d4 cxd4 4.Nxd4 e6 5.Nc3 a6 6.g3 Nxd4 7.Qxd4 Ne7 8.Be3 b5
9.f4 Nc6 10.Qd3 Be7 11.Bg2 Bb7 12.O-O d6 13.Rad1 O-O 14.g4 Rc8 15.g5 Qc7
16.Qe2 Rfe8 17.Qf2 Bf8 18.Bb6 Qe7 19.Rfe1 b4 20.Nd5 exd5 21.exd5 Qd7 22.dxc6 Bxc6
23.Bxc6 Qxc6 24.Rxe8 Rxe8 25.Bd4 Re4 26.Rd2 Qc8 27.Qf3 Qf5 28.Be3 g6 29.Rd3 d5
30.Kg2 Bd6 31.Qh3 Qxh3+ 32.Kxh3 Bxf4 33.Bxf4 Rxf4 34.Rxd5 Rc4 35.Rd2 Kg7
36.Rf2 a5 37.b3 Rd4 38.Kg3 Rd1 39.Rf4 Rg1+ 40.Kh4 Rg2 41.h3 f6 42.Rg4 fxg5+
43.Rxg5 Rxg5  0-1

[Event "Hoogovens-B"]
[Site "Wijk aan Zee"]
[Date "1977.??.??"]
[Round "7"]
[White "Bellon Lopez, Juan Manuel"]
[Black "Krnic, Zdenko"]
[Result "0-1"]
[WhiteElo "2415"]
[BlackElo "2435"]

1.e4 c5 2.Nf3 Nc6 3.d4 cxd4 4.Nxd4 e6 5.Nc3 a6 6.Be2 Nge7 7.Be3 Nxd4 8.Qxd4 b5
9.Qb6 Qxb6 10.Bxb6 Bb7 11.f3 Rc8 12.O-O-O Ng6 13.Bd4 f6 14.h4 Be7 15.g3 Ne5
16.f4 Nc6 17.Bb6 Nd8 18.Bh5+ g6 19.Bf3 Nf7 20.Rd3 Bc5 21.Bxc5 Rxc5 22.Rhd1 Rc7
23.Rd4 Ke7 24.a4 bxa4 25.Nxa4 Bc6 26.Nc3 Ra7 27.Be2 Rb8 28.b3 a5 29.Kb2 Rb4
30.Bc4 Rab7 31.Ka3 Kf8 32.R1d2 Ke7 33.g4 h6 34.Na2 R4b6 35.Nc3 Rb8 36.Na4 R6b7
37.Nc5 Ra7 38.f5 Ne5 39.fxe6 Nf3 40.Nxd7 Rh8 41.g5 fxg5 42.hxg5 hxg5 43.Nb6 Nxd2
44.Rxd2 Bxe4 45.Nd5+ Bxd5 46.Bxd5 Kf6 47.c4 g4 48.c5 g3 49.Rd3 Rh5 50.c6 Rg5
51.Rd2 Rg4 52.Bg2 Rf4 53.Rd3 Kxe6 54.Rxg3 Kf6 55.Rc3 Rc7 56.Rc5 Rf5 57.Rxf5+ gxf5
58.Ka4 Ke5 59.Kxa5 Kd6 60.Kb6 Rg7 61.Bh3 f4 62.b4 f3 63.b5 f2 64.Bf1 Re7
65.Bg2 Re5 66.c7 Rc5 67.Bc6 f1=Q 68.c8=Q Qxb5+ 69.Bxb5 Rxc8 70.Kb7 Rc2 71.Bf1 Rb2+
72.Kc8 Rf2 73.Bh3 Rd2 74.Kb7 Rb2+ 75.Kc8 Rh2 76.Bg4 Rh8+ 77.Kb7 Rf8 78.Bh3 Rg8
79.Bf5 Re8 80.Bh3 Re2 81.Bg4 Re3 82.Bd1 Rd3 83.Bh5 Rb3+ 84.Kc8 Rh3 85.Bg6 Re3
86.Bf5 Re7 87.Bd3 Rc7+ 88.Kd8 Rc3 89.Be4 Re3 90.Ba8 Ra3 91.Be4 Ra4 92.Bb7 Rh4  0-1

[Event "Yerevan"]
[Site "Yerevan"]
[Date "1977.??.??"]
[Round "15"]
[White "Efimov, Igor"]
[Black "Khalikian, O."]
[Result "1/2-1/2"]
[WhiteElo "2200"]
[BlackElo "2200"]

1.e4 c5 2.Nf3 Nc6 3.d4 cxd4 4.Nxd4 e6 5.Nc3 Qc7 6.g3 a6 7.Bg2 Nf6 8.O-O Nxd4
9.Qxd4 Bc5 10.Bf4 d6 11.Qd2 O-O 12.Rad1 Ne8 13.Rfe1 b5 14.e5 d5 15.Nxd5 exd5
16.e6 Bxf2+ 17.Qxf2 fxe6 18.Bxc7 Rxf2 19.Kxf2 Nxc7 20.Ke3 Kf7 21.Kd4 a5 22.Rd3 Bd7
23.Rf3+ Ke7 24.Ref1 Kd6 25.Rf8 Ne8 26.Kd3 Rc8 27.R1f7 Rc4 28.h3 Ra4 29.a3 b4
30.axb4 Rxb4 31.b3 e5 32.Kc3 e4 33.Bf1 d4+ 34.Kb2 a4 35.Ka3 axb3 36.Rxd7+ Kxd7
37.Kxb4 bxc2 38.Bb5+ Kd6 39.Rf1 Nf6 40.Kb3 d3 41.Bxd3  1/2-1/2

[Event "JUG-ch"]
[Site "Zagreb"]
[Date "1977.??.??"]
[Round "4"]
[White "Govedarica, Radovan"]
[Black "Rajkovic, Dusan"]
[Result "1-0"]
[WhiteElo "2440"]
[BlackElo "2495"]

1.e4 c5 2.Nf3 e6 3.d4 cxd4 4.Nxd4 Nc6 5.Nc3 a6 6.Be2 Qc7 7.O-O Nf6 8.Kh1 d6
9.a4 Be7 10.Be3 O-O 11.f4 Bd7 12.Nb3 b6 13.Rc1 Rfd8 14.Qe1 Be8 15.Qg3 d5
16.exd5 exd5 17.Qf2 Rab8 18.h3 Nb4 19.Bf3 Ne4 20.Nxe4 dxe4 21.Bxe4 Bxa4 22.Nd4 Nd5
23.Bxd5 Rxd5 24.Ra1 Bd7 25.Rxa6 Bxh3 26.gxh3 Qb7 27.Qg2 Qxa6 28.Rg1  1-0

[Event "JUG-ch"]
[Site "Zagreb"]
[Date "1977.??.??"]
[Round "6"]
[White "Planinec, Albin"]
[Black "Hulak, Krunoslav"]
[Result "0-1"]
[WhiteElo "2475"]
[BlackElo "2525"]

1.e4 c5 2.Nf3 Nc6 3.d4 cxd4 4.Nxd4 e6 5.Nc3 Qc7 6.Be2 a6 7.O-O Nf6 8.Kh1 Be7
9.f4 d6 10.Be3 Bd7 11.Qe1 b5 12.Bf3 O-O 13.e5 dxe5 14.fxe5 Ne8 15.Qg3 Rd8
16.Rad1 Nxd4 17.Bxd4 Bc6 18.Ne4 g6 19.Qf2 Qc8 20.Qe3 Ng7 21.g4 Rd7 22.Nf6+ Bxf6
23.exf6 Ne8 24.c3 Kh8 25.Rd3 Rg8 26.Rfd1 Nd6 27.Kg1 Bxf3 28.Qxf3 Nc4 29.Qh3 g5
30.Qh5 Rg6 31.Re1 h6 32.b3 Na5 33.Rde3 Kh7 34.Re5 Qd8 35.Be3 Qxf6 36.Bd4 Qd8
37.Rf1 Nc6 38.Re3 Nxd4 39.cxd4 Kg7 40.Ref3 Qb6 41.Qh3 Qxd4+ 42.R1f2 e5 43.Qg3 e4
44.Re3 Re6 45.Rfe2 Rf6 46.Kg2 Rf4 47.h3 Qa1 48.Kh2 Rd1 49.Qg2 Qe5 50.Qg3 Rdf1
51.Kg2 Qa1 52.Qh2 Rd1 53.Kg3 Rg1+ 54.Rg2 Qe1+ 55.Rxe1 Rf3+  0-1

[Event "JUG-ch"]
[Site "Zagreb"]
[Date "1977.??.??"]
[Round "7"]
[White "Kurajica, Bojan"]
[Black "Simic, Radoslav"]
[Result "0-1"]
[WhiteElo "2530"]
[BlackElo "2375"]

1.e4 c5 2.Nc3 Nc6 3.Nf3 e6 4.d4 cxd4 5.Nxd4 Nf6 6.Nxc6 bxc6 7.e5 Nd5 8.Ne4 f5
9.exf6 Nxf6 10.Nd6+ Bxd6 11.Qxd6 Qe7 12.Bf4 Qxd6 13.Bxd6 Kd8 14.b4 Ne8 15.Bg3 d6
16.O-O-O a5 17.b5 cxb5 18.Bxb5 Bd7 19.a4 Bxb5 20.axb5 Ke7 21.Kb2 Rf8 22.c4 Rf5
23.Rhe1 Rc5 24.Kb3 Rac8 25.Rd4 Kf7 26.f4 d5 27.f5 Rxc4 28.fxe6+ Ke7 29.Rf4 Nf6
30.Ra1 Rc3+ 31.Ka4 Ne4 32.b6 R3c4+ 33.Ka3 Rb4 34.b7 Rc3+ 35.Ka2 Rc2+ 36.Ka3 Rcb2
37.Be1 R4b3+ 38.Ka4 Nc5+  0-1

[Event "JUG-ch"]
[Site "Zagreb"]
[Date "1977.??.??"]
[Round "12"]
[White "Messing, Hrvoje"]
[Black "Marjanovic, Slavoljub"]
[Result "0-1"]
[WhiteElo "2425"]
[BlackElo "2355"]

1.e4 c5 2.Nf3 e6 3.d4 cxd4 4.Nxd4 Nc6 5.Nc3 a6 6.Be3 Qc7 7.Bd3 Nf6 8.O-O Ne5
9.h3 Bc5 10.Qe2 d6 11.f4 Ng6 12.Nb3 Bxe3+ 13.Qxe3 O-O 14.Ne2 b5 15.a4 Bb7
16.axb5 axb5 17.Nc3 b4 18.Nb5 Qd7 19.e5 Qc6 20.Rf2 Rxa1+ 21.Nxa1 Nd5 22.Qe4 Ndxf4
23.Rxf4 Qc5+  0-1

[Event "BCF-ch"]
[Site "Ayr"]
[Date "1978.08.09"]
[Round "3"]
[White "Plaskett, Jim"]
[Black "Mestel, A Jonathan"]
[Result "1-0"]
[WhiteElo "2410"]
[BlackElo "2450"]

1.e4 c5 2.Nf3 e6 3.Nc3 Nc6 4.d4 cxd4 5.Nxd4 d6 6.Be2 Nf6 7.O-O Be7 8.Be3 O-O
9.f4 a6 10.Qe1 Qc7 11.Qg3 Bd7 12.Kh1 Kh8 13.Nf3 b5 14.e5 Ne8 15.Rad1 f5 16.exf6 Nxf6
17.Ng5 h6 18.Qh3 e5 19.f5 Rad8 20.Bh5 Kg8 21.Bg6 Nb4 22.Nh7 Nxh7 23.Bxh6 Qc4
24.Bxh7+ Kxh7 25.Bg5+ Kg8 26.Bxe7 Nxc2 27.Bxd8 Rxd8 28.Nd5 Re8 29.Nb6 Qc6
30.Nxd7 Qxd7 31.Qb3+  1-0

[Event "IBM"]
[Site "Amsterdam"]
[Date "1978.??.??"]
[Round "1"]
[White "Timman, Jan H"]
[Black "Andersson, Ulf"]
[Result "1/2-1/2"]
[WhiteElo "2585"]
[BlackElo "2545"]

1.e4 c5 2.Nc3 Nc6 3.Nf3 e6 4.d4 cxd4 5.Nxd4 a6 6.g3 Nge7 7.Nb3 Na5 8.Qh5 b5
9.Nxa5 Qxa5 10.Bg2 Bb7 11.O-O Nc6 12.Bf4 Be7 13.Nd5 exd5 14.exd5 O-O 15.dxc6 Bxc6
16.c3 Qb6 17.Rad1 b4 18.Bxc6 Qxc6 19.cxb4 Bxb4 20.Qd5 Rfd8 21.Qxc6 dxc6 22.Rxd8+ Rxd8
23.Rc1 Rc8 24.Rd1 Bf8 25.Rd7 c5 26.Kf1 h6 27.Rc7 Rxc7 28.Bxc7 f5 29.Ke2 Kf7
30.Kd3 Ke6 31.Kc4 Kd7 32.Be5 Kc6 33.f3 h5 34.h3  1/2-1/2

[Event "IBM"]
[Site "Amsterdam"]
[Date "1978.??.??"]
[Round "2"]
[White "Ree, Hans"]
[Black "Langeweg, Kick"]
[Result "1/2-1/2"]
[WhiteElo "2500"]
[BlackElo "2450"]

1.e4 c5 2.Nf3 e6 3.d4 cxd4 4.Nxd4 Nc6 5.Nc3 a6 6.Be2 d6 7.O-O Nf6 8.Be3 Be7
9.f4 O-O 10.Kh1 Bd7 11.a4 Qc7 12.Nb3 b6 13.Bf3 Rab8 14.Qe2 Nb4 15.Rad1 e5
16.Rf2 Rfc8 17.Nc1 b5 18.axb5 axb5 19.h3 h6  1/2-1/2

[Event "IBM-B"]
[Site "Amsterdam"]
[Date "1978.??.??"]
[Round "6"]
[White "Hartoch, Robert G"]
[Black "Ligterink, Gert"]
[Result "0-1"]
[WhiteElo "2405"]
[BlackElo "2440"]

1.e4 c5 2.Nc3 e6 3.Nf3 Nc6 4.d4 cxd4 5.Nxd4 Nf6 6.Ndb5 d6 7.Bf4 e5 8.Bg5 a6
9.Na3 b5 10.Nd5 Be7 11.Bxf6 Bxf6 12.c3 O-O 13.Nc2 Bg5 14.g3 Be6 15.Bg2 a5
16.O-O Ne7 17.Nce3 Bxe3 18.Nxe3 Qb6 19.Qd3 Rfd8 20.Rfd1 b4 21.Bf1 Rac8 22.Nd5 Nxd5
23.exd5 Bg4 24.Rdc1 bxc3 25.bxc3 Qc5 26.Rab1 Rb8 27.Qc4 Qxc4 28.Bxc4 Bf3
29.Rxb8 Rxb8 30.Bb3 Kf8 31.c4 Ke7 32.Rc3 e4 33.Kf1 Kf6 34.Ke1 Rc8 35.Ba4 Ke5
36.Bb5 Kd4 37.Kd2 Bg2 38.Rb3 Bf1 39.Ba6 Rc5 40.Rb7 Bxc4 41.Bxc4 Rxc4  0-1

[Event "Amsterdam zt"]
[Site "Amsterdam"]
[Date "1978.??.??"]
[Round "9"]
[White "Timman, Jan H"]
[Black "Meulders, Richard"]
[Result "1-0"]
[WhiteElo "2585"]
[BlackElo "2225"]

1.e4 c5 2.Nf3 e6 3.d4 cxd4 4.Nxd4 Nc6 5.Nc3 Qc7 6.g3 a6 7.Bg2 Nf6 8.O-O Be7
9.Re1 Nxd4 10.Qxd4 Bc5 11.Qd1 d6 12.Be3 O-O 13.Qd2 Rb8 14.Rad1 Ne8 15.Bf4 f6
16.Na4 Ba7 17.Bxd6 Nxd6 18.Qxd6 Qxc2 19.Nb6 Qxb2 20.Rb1 Qxa2 21.Bf1 Qa5 22.Rec1 Qe5
23.Qxe5 fxe5 24.Rc5 Bxb6 25.Rxb6 Bd7 26.Rxe5 Kf7 27.Bc4 Rfe8 28.f4 Rbc8 29.Rxb7 Rxc4
30.Rxd7+ Re7 31.Rd6 a5 32.Ra6 a4 33.Kg2 g6 34.Kf3 h5 35.Rea5 Rb7 36.Rxa4 Rb3+
37.Kg2 Rb2+ 38.Kh3 Rxa4 39.Rxa4 e5 40.Ra7+ Kf6 41.Ra6+ Kf7 42.Ra7+ Kf6 43.Ra6+ Kf7
44.fxe5 Re2 45.Ra7+ Kf8 46.Kh4 Rxe4+ 47.Kg5 Rxe5+ 48.Kxg6 Re2 49.Rf7+ Ke8
50.h3 Rg2 51.Rf3 h4 52.g4 Rg3 53.Rf4 Rxh3 54.g5 Ke7 55.Kg7 Ke6 56.g6 Ke5
57.Rf1 Rg3 58.Kf7  1-0

[Event "IBM-B"]
[Site "Amsterdam"]
[Date "1978.??.??"]
[Round "10"]
[White "Hartoch, Robert G"]
[Black "Kirov, Nino"]
[Result "1/2-1/2"]
[WhiteElo "2405"]
[BlackElo "2465"]

1.e4 c5 2.Nf3 e6 3.d4 cxd4 4.Nxd4 Nc6 5.Nc3 a6 6.g3 d6 7.Bg2 Bd7 8.O-O Nf6
9.Re1 Qc7 10.Nxc6 bxc6 11.Na4 Rd8 12.c4 c5 13.Nc3 Be7 14.Bf4 Bc6 15.e5 dxe5
16.Bxe5 Rxd1 17.Bxc7 Rxe1+ 18.Rxe1 Bxg2 19.Kxg2 Kd7 20.Be5 Kc6 21.Rd1 Rg8
22.Ne2 Ne4 23.Kf3 Nd6 24.b3 g5 25.Bxd6 g4+ 26.Ke3 Bxd6 27.h3 h5 28.hxg4 hxg4
29.Rh1 Rg5 30.Nc1 Be5 31.Nd3 Bd4+ 32.Ke2 Kd6 33.a3 a5 34.Rb1 Rg8 35.b4 cxb4
36.axb4 Rb8 37.Rd1 axb4 38.Nxb4 e5 39.Nd3 e4 40.Nb4 Rxb4 41.Rxd4+ Ke5 42.Rd5+ Ke6
43.Rc5 f5 44.Rc6+ Ke5 45.Rc5+ Kf6 46.Rc6+ Ke7 47.Rc5 Rb2+ 48.Ke3 Rb3+  1/2-1/2

[Event "URS-FL"]
[Site "Ashkhabad"]
[Date "1978.??.??"]
[Round "11"]
[White "Tseshkovsky, Vitaly"]
[Black "Timoshchenko, Gennadi A"]
[Result "1-0"]
[WhiteElo "2550"]
[BlackElo "2530"]

1.e4 c5 2.Nc3 Nc6 3.Nf3 e6 4.d4 cxd4 5.Nxd4 Nf6 6.g3 d5 7.Bg2 Bb4 8.exd5 Nxd5
9.O-O Bxc3 10.Nxc6 bxc6 11.bxc3 Ba6 12.Re1 O-O 13.c4 Bxc4 14.Ba3 Re8 15.Bb2 e5
16.Qg4 Qb8 17.Rab1 Qb5 18.a4 Qxa4 19.Rxe5 Rxe5 20.Bxe5 g6 21.Qg5 Qa6 22.Bh3 Rf8
23.Qh6  1-0

[Event "URS-FL"]
[Site "Ashkhabad"]
[Date "1978.??.??"]
[Round "17"]
[White "Jussupow, Artur"]
[Black "Sveshnikov, Evgeny"]
[Result "1-0"]
[WhiteElo "2450"]
[BlackElo "2565"]

1.e4 c5 2.Nf3 e6 3.d4 cxd4 4.Nxd4 Nc6 5.Nc3 Nf6 6.Be2 Qc7 7.O-O a6 8.a3 Be7
9.Be3 O-O 10.f4 d6 11.Qe1 Bd7 12.Qg3 Nxd4 13.Bxd4 Bc6 14.Kh1 g6 15.f5 e5
16.Be3 Kh8 17.Bg5 Nxe4 18.Nxe4 Bxe4 19.f6 Bd8 20.Bd3 Bc6 21.Qh4 Qd7 22.Rae1 Bb6
23.Be4 h5 24.Bf5 Qd8 25.Bd2 Re8 26.Qg5 Kg8 27.Bxg6  1-0

[Event "Beersheba"]
[Site "Beersheba"]
[Date "1978.??.??"]
[Round "4"]
[White "Kagan, Shimon"]
[Black "Keene, Raymond D"]
[Result "1/2-1/2"]
[WhiteElo "2465"]
[BlackElo "2480"]

1.e4 c5 2.Nf3 e6 3.d4 cxd4 4.Nxd4 Nc6 5.Nc3 Qc7 6.g3 a6 7.Bg2 Nf6 8.O-O h6
9.b3 Be7 10.Nce2 O-O 11.c4 d6 12.Bb2 Bd7 13.Qd2 Rac8 14.Rac1 Rfd8 15.Rfe1 Qb8
16.Nxc6 Bxc6 17.Nf4 Be8 18.Bh3 b5 19.cxb5 Rxc1 20.Rxc1 axb5 21.Qe2 e5 22.Nd5 Nxd5
23.exd5 Qa8  1/2-1/2

[Event "Buenos Aires ol (Men)"]
[Site "Buenos Aires"]
[Date "1978.??.??"]
[Round "?"]
[White "Ligterink, Gert"]
[Black "Zapata, Alonso"]
[Result "0-1"]
[WhiteElo "2440"]
[BlackElo "2355"]

1.e4 c5 2.Nf3 e6 3.d4 cxd4 4.Nxd4 Nc6 5.Nc3 a6 6.Be2 Nge7 7.f4 d6 8.O-O Nxd4
9.Qxd4 Nc6 10.Qf2 Be7 11.Na4 b5 12.Nb6 Rb8 13.Nxc8 Qxc8 14.Be3 O-O 15.c3 Kh8
16.Bf3 Qc7 17.Qe2 Na5 18.a4 Rfc8 19.axb5 axb5 20.Bg4 Re8 21.f5 Bf6 22.fxe6 fxe6
23.Bh5 Rf8 24.Bg4 Rfe8 25.Bh5 Rf8 26.e5 dxe5 27.b4 Nc4 28.Ra7 Rb7 29.Rxb7 Qxb7
30.Bc5 Rd8 31.Bf3 Qc7 32.Be4 Nd2 33.Bc2 Nxf1 34.Qxf1 Be7 35.Bxe7 Qxe7 36.Qxb5 Qa7+  0-1

[Event "Buenos Aires ol (Men)"]
[Site "Buenos Aires"]
[Date "1978.??.??"]
[Round "?"]
[White "Ligterink, Gert"]
[Black "Garcia Martinez, Silvino"]
[Result "0-1"]
[WhiteElo "2440"]
[BlackElo "2275"]

1.e4 c5 2.Nf3 e6 3.d4 cxd4 4.Nxd4 Nc6 5.Nc3 a6 6.Be2 Nge7 7.f4 b5 8.O-O Bb7
9.Nb3 Qb6+ 10.Kh1 Ng6 11.f5 Nge5 12.Bf4 Be7 13.a4 b4 14.a5 Qc7 15.Na4 O-O
16.Nb6 Rad8 17.Qe1 d6 18.Qg3 Kh8 19.Be3 Bf6 20.Bg5 Bxg5 21.Qxg5 f6 22.Qe3 exf5
23.exf5 Rfe8 24.Bh5 Nf7 25.Qg3 Re5 26.Nc4 Re7 27.Ne3 Nce5 28.Nd4 Ng5 29.Rfe1 Rc8
30.Qf4 Qc5 31.Nb3 Qb5 32.Rad1 Ne4 33.Be2 Qe8 34.Bxa6 Bxa6 35.Qxe4 Nd3 36.Qxe7 Nf2+
37.Kg1 Qxe7 38.Kxf2 Qe5 39.Rd4 Qxh2 40.Rxb4 Qe5 41.Rb6 Qf4+ 42.Kg1 Qg3  0-1

[Event "Buenos Aires ol (Men)"]
[Site "Buenos Aires"]
[Date "1978.??.??"]
[Round "?"]
[White "Kavalek, Lubomir"]
[Black "Garcia Gonzales, Guillermo"]
[Result "1-0"]
[WhiteElo "2570"]
[BlackElo "2535"]

1.e4 c5 2.Nf3 e6 3.d4 cxd4 4.Nxd4 Nc6 5.Nc3 a6 6.g3 Qc7 7.Bg2 Nf6 8.O-O d6
9.Re1 Bd7 10.Nxc6 bxc6 11.Na4 Rb8 12.c4 c5 13.Nc3 Be7 14.Bf4 e5 15.Bc1 O-O
16.b3 Bc6 17.f4 Nd7 18.f5 Kh8 19.Re3 Rb6 20.Rd3 Ba8 21.Qh5 g6 22.Qf3 Rg8
23.fxg6 fxg6 24.Bh3 Rf8 25.Qe2 Kg7 26.Be6 Nf6 27.Bd2 Rbb8 28.Rf1 Rbe8 29.Rdf3 Bd8
30.Nd5 Qa7 31.Bh3 Bxd5 32.exd5 Ng8 33.Be6 Rxf3 34.Qxf3 Nf6 35.Bg5 Qe7 36.Qe3 Qc7
37.g4 Qa5 38.Qh3  1-0

[Event "Buenos Aires ol (Men)"]
[Site "Buenos Aires"]
[Date "1978.??.??"]
[Round "?"]
[White "Hase, Juan C"]
[Black "Ogaard, Leif"]
[Result "1/2-1/2"]
[WhiteElo "2410"]
[BlackElo "2435"]

1.e4 c5 2.Nf3 e6 3.d4 cxd4 4.Nxd4 Nc6 5.Nc3 a6 6.f4 d6 7.Be3 Qc7 8.Be2 Nf6
9.Bf3 Na5 10.Qd3 Be7 11.Nb3 Nc4 12.Bc1 O-O 13.Nd2 Na5 14.Nb3 Bd7 15.Nxa5 Qxa5
16.O-O Bc6 17.Kh1 Rad8 18.a4 Qc7 19.Bd2 b5 20.axb5 axb5 21.Be3 Qb8 22.Ra6 Bb7
23.Rb6 Qa8 24.Qxb5 Rb8 25.Re1 Bd8 26.Rxd6 Bxe4 27.Nxe4 Rxb5 28.Nxf6+ Bxf6
29.Bxa8 Rxa8 30.b3 Rc8 31.Rc1 h5 32.Rb6 Rxb6 33.Bxb6 Bb2 34.Rb1 Rxc2 35.b4 Kf8
36.b5 Ke8 37.Ba7 Kd7 38.g3  1/2-1/2

[Event "Buenos Aires ol (Men)"]
[Site "Buenos Aires"]
[Date "1978.??.??"]
[Round "?"]
[White "Gonzales, Eliseo"]
[Black "Chorfi, Khaled"]
[Result "1/2-1/2"]
[WhiteElo "2200"]
[BlackElo "2200"]

1.e4 c5 2.Nf3 e6 3.d4 cxd4 4.Nxd4 Nc6 5.Nc3 a6 6.g3 Qc7 7.Bg2 Nf6 8.O-O Be7
9.a4 O-O 10.Nb3 d6 11.Be3 Ne5 12.Nd2 Neg4 13.Bf4 Bd7 14.h3 Ne5 15.Be3 Bc6
16.f4 Ned7 17.Nb3 Nc5 18.Nxc5 dxc5 19.a5 Nd7 20.Qe2 Bf6 21.e5 Bxg2 22.Qxg2 Be7
23.Rfd1 Rad8 24.Ne4 Nb8 25.Rxd8 Rxd8 26.Qf2 Rc8 27.Nd2 c4 28.c3 Qd7 29.Qe2 Qb5
30.Ne4 Rd8 31.Kh2 Nc6 32.Bb6 Rd3 33.Nf2 Rd7 34.Ne4 h6 35.h4 Rd3 36.Nf2 Rd5
37.b4 Bf8 38.Rd1 Ne7 39.Bc5 Rxd1 40.Qxd1 Nd5 41.Bxf8 Kxf8 42.Qd4 Kg8 43.Kh3 h5
44.Ne4 Qa4 45.Qd2 Qa1 46.Kg2 Qb1 47.Nd6 Qa1 48.Ne4 Qb1 49.Nd6 Qa1 50.Ne4 Qb1
51.Nd6  1/2-1/2

[Event "Buenos Aires ol (Men)"]
[Site "Buenos Aires"]
[Date "1978.??.??"]
[Round "?"]
[White "Delgado, Alberto"]
[Black "Hartston, William R"]
[Result "0-1"]
[WhiteElo "2300"]
[BlackElo "2475"]

1.e4 c5 2.Nf3 e6 3.d4 cxd4 4.Nxd4 Nc6 5.Nc3 a6 6.g3 d6 7.Bg2 Nge7 8.Nb3 Ng6
9.a4 Na5 10.Nxa5 Qxa5 11.f4 Be7 12.Be3 Bd7 13.Qd2 Rc8 14.O-O Qc7 15.Rf2 O-O
16.a5 f5 17.Bb6 Qb8 18.Re1 fxe4 19.Rxe4 Bf6 20.Bh3 Rfe8 21.Bd4 d5 22.Bxf6 dxe4
23.Qxd7 gxf6 24.Bxe6+ Kh8 25.Nd5 Nf8  0-1

[Event "Buenos Aires ol (Men)"]
[Site "Buenos Aires"]
[Date "1978.??.??"]
[Round "?"]
[White "Arnason, Jon L"]
[Black "Sellos, Didier"]
[Result "1-0"]
[WhiteElo "2470"]
[BlackElo "2320"]

1.e4 c5 2.Nf3 e6 3.d4 cxd4 4.Nxd4 Nc6 5.Nc3 Qc7 6.Be2 a6 7.O-O Nf6 8.Kh1 Be7
9.Be3 O-O 10.f4 d6 11.Qe1 Bd7 12.Qg3 Nxd4 13.Bxd4 Bc6 14.Rae1 b5 15.a3 Qb7
16.Bd3 Rad8 17.Qh3 Nd7 18.e5 g6 19.exd6 Bxd6 20.Re3 e5 21.fxe5 Bc5 22.Bxc5 Nxc5
23.b4 Nxd3 24.cxd3 Rfe8 25.Rfe1 Re6 26.Ne2 Re7 27.Nf4 Rd4 28.Qg3 Qc8 29.Qg5 Qb7
30.Rg3 Rxf4 31.Qxf4 Qd7 32.h4 h5 33.Ree3 Kh7 34.Rg5 Bd5 35.e6 Bxe6 36.Qe4 Kg8
37.d4 Kf8 38.Qe5 Re8 39.d5  1-0

[Event "Buenos Aires ol (Men)"]
[Site "Buenos Aires"]
[Date "1978.??.??"]
[Round "?"]
[White "Ardiansyah, Haji"]
[Black "Ogaard, Leif"]
[Result "0-1"]
[WhiteElo "2330"]
[BlackElo "2435"]

1.e4 c5 2.Nf3 e6 3.d4 cxd4 4.Nxd4 Nc6 5.Nc3 a6 6.Be2 Qc7 7.Be3 Nf6 8.O-O Bb4
9.Na4 O-O 10.Nxc6 bxc6 11.Nb6 Rb8 12.Nxc8 Rfxc8 13.Bxa6 Rf8 14.Bd3 Bd6 15.Kh1 Be5
16.c3 Rxb2 17.f4 Bxc3 18.Rc1 Qa5 19.Bb1 Bd2 20.Bxd2 Qxd2 21.Qf3 Ra8 22.e5 Ra3
23.Rfd1 Rxf3 24.Rxd2 Rc3 25.Rdd1 Nd5 26.f5 Rxc1 27.Rxc1 Nc3 28.Bd3 Rxa2 29.g4 Nd5
30.Rb1 Kf8 31.fxe6 fxe6 32.Bxh7 g5 33.Rb8+ Kg7 34.Be4 Ne3 35.Rb7 Ra1+ 36.Bb1 Kf8
37.h4 gxh4 38.Rb8+ Kg7 39.Rb7 Kh6  0-1

[Event "Buenos Aires ol (Men)"]
[Site "Buenos Aires"]
[Date "1978.??.??"]
[Round "?"]
[White "Zapata, Alonso"]
[Black "Ogaard, Leif"]
[Result "1-0"]
[WhiteElo "2355"]
[BlackElo "2435"]

1.e4 c5 2.Nf3 e6 3.d4 cxd4 4.Nxd4 Nc6 5.Nc3 a6 6.Be2 Qc7 7.O-O Nf6 8.Be3 Bb4
9.Na4 O-O 10.Nxc6 bxc6 11.c4 Be7 12.Nc3 c5 13.f4 d6 14.Bf3 Bb7 15.Rf2 Rad8
16.Rd2 Nd7 17.Qe1 Bf6 18.Ne2 Nb8 19.Rad1 Nc6 20.g4 g6 21.Qg3 Bg7 22.h4 Rfe8
23.h5 Qe7 24.Kf2 gxh5 25.g5 d5 26.exd5 h4 27.Qh3 exd5 28.Bxd5 Bc8 29.Qf3 Nb4
30.Nc3 Bxc3 31.bxc3 Nxd5 32.cxd5 Bg4 33.Qxg4 Qxe3+ 34.Kg2 Re4 35.Rf2 Rc4
36.d6 Rxc3 37.Qxh4 Qe4+ 38.Kg1 Qa4 39.Rfd2 Qd7 40.Rh2 h6 41.gxh6 Kh7  1-0

[Event "Buenos Aires ol (Men)"]
[Site "Buenos Aires"]
[Date "1978.??.??"]
[Round "?"]
[White "Szmetan, Jorge"]
[Black "Langeweg, Kick"]
[Result "1-0"]
[WhiteElo "2420"]
[BlackElo "2200"]

1.e4 c5 2.Nf3 Nc6 3.d4 cxd4 4.Nxd4 e6 5.Nc3 a6 6.g3 Nge7 7.Nb3 d6 8.Bg2 Bd7
9.O-O Nc8 10.a4 Be7 11.Qe2 O-O 12.Be3 Qc7 13.f4 Bf6 14.a5 N6a7 15.e5 dxe5
16.Ne4 Be7 17.fxe5 Qxe5 18.Bd4 Qc7 19.Qh5 f5 20.Ng5 Bxg5 21.Qxg5 Rf7 22.Rxf5 Bb5
23.Rxf7 Qxf7 24.Nc5 Nc6 25.Nxe6 N8e7 26.Nxg7 Qg6 27.Qxg6 hxg6 28.Bc3 Bc4
29.Re1 Kf7 30.Bh3 Nd5 31.Be6+ Kf8 32.Bxd5 Bxd5 33.Ne6+ Kg8 34.Nc5  1-0